| 000 | 00917nam a2200217Ia 4500 | ||
|---|---|---|---|
| 003 | IN-BaIIA | ||
| 008 | 211028s9999 xx 000 0 eng d | ||
| 020 | _a3-540-50435-4 | ||
| 040 | _cIIA Library | ||
| 080 |
_a524.352(082.2) _bSUP |
||
| 111 |
_aWorkshop on Supernova Shells and their Birth Events _cPhysikzentrum bad Honnef, Germany _d1988 Mar. 7-11 _916344 |
||
| 245 | 0 |
_aSupernova shells and their birth events _bproceedings of a workshop on supernova shells and their birth events, held in Physikzentrum bad Honnef, Germany, 7-11 Mar 1988 _cedited by Wolfgang Kundt |
|
| 260 |
_aBerlin _bSpringer-Verlag _c1988 |
||
| 300 | _aviii, 252p. | ||
| 490 | _aLecture notes in physics; v. 316 | ||
| 650 | _aAstronomy and astrophysics thesaurus | ||
| 650 |
_aSupernova remarks _916345 |
||
| 650 |
_aSupernovae shells _916346 |
||
| 700 |
_aKundt, Wolfgang ed. _916347 |
||
| 942 | _cBK | ||
| 999 |
_c9682 _d9682 |
||